书目信息 |
| 题名: |
室内设计表现手法
|
|
| 作者: | 吴林春 , 丁金华 , 吴建 编著 | |
| 分册: | ||
| 出版信息: | 南京 东南大学出版社 2010.01 |
|
| 页数: | 125页 | |
| 开本: | 26cm | |
| 丛书名: | 建筑装饰专业系列教材 | |
| 单 册: | ||
| 中图分类: | TU204 | |
| 科图分类: | ||
| 主题词: | 室内设计--shi nei she ji--建筑构图--技法 (美术)--高等学校--教材 | |
| 电子资源: | ||
| ISBN: | 978-7-5641-2067-2 | |
| 000 | 01113nam 2200301 450 | |
| 001 | 012010549081 | |
| 005 | 20100406201026.54 | |
| 010 | @a978-7-5641-2067-2@dCNY39.00 | |
| 100 | @a20100406d2010 em y0chiy0120 ea | |
| 101 | 0 | @achi |
| 102 | @aCN@b320000 | |
| 105 | @aa a 000yy | |
| 106 | @ar | |
| 200 | 1 | @a室内设计表现手法@Ashi nei she ji biao xian shou fa@f吴林春, 丁金华, 吴建编著@Fwu lin chun,ding jin hua,wu jian bian zhu |
| 205 | @a第3版 | |
| 210 | @a南京@c东南大学出版社@d2010.01 | |
| 215 | @a125页@c图@d26cm | |
| 225 | 2 | @a建筑装饰专业系列教材@Ajian zhu zhuang shi zhuan ye xi lie jiao cai |
| 320 | @a有书目 (第125页) | |
| 330 | @a全书分为七章,直观、形象地介绍了有关透视、素描、色彩和构图知识等表现图的基本知识、表现图绘制工具和材料以及实用的表现技法等。 | |
| 410 | 0 | @12001 @a建筑装饰专业系列教材 |
| 606 | 0 | @a室内设计@Ashi nei she ji@x建筑构图@x技法 (美术)@x高等学校@j教材 |
| 690 | @aTU204@v4 | |
| 701 | 0 | @a吴林春@Awu lin chun@4编著 |
| 701 | 0 | @a丁金华@Ading jin hua@4编著 |
| 701 | 0 | @a吴建@Awu jian@4编著 |
| 801 | 0 | @aCN@bQSSK@c20100406 |
| 905 | @b774648-52@dTU204@eW820@f5 | |
| 室内设计表现手法/吴林春, 丁金华, 吴建编著.-第3版.-南京:东南大学出版社,2010.01 |
| 125页:图;26cm.-(建筑装饰专业系列教材) |
| ISBN 978-7-5641-2067-2:CNY39.00 |
| 全书分为七章,直观、形象地介绍了有关透视、素描、色彩和构图知识等表现图的基本知识、表现图绘制工具和材料以及实用的表现技法等。 |
| ● |
| 相关链接 |
|
|
|
正题名:室内设计表现手法
索取号:TU204/W820
 
预约/预借
| 序号 | 登录号 | 条形码 | 馆藏地/架位号 | 状态 | 备注 |
| 1 | 774648 | 207746484 | 建筑库101/101建筑库 109排3列1层/ [索取号:TU204/W820] | 在馆 | |
| 2 | 774649 | 207746493 | 建筑库101/101建筑库 109排3列1层/ [索取号:TU204/W820] | 在馆 | |
| 3 | 774650 | 207746509 | 建筑库101/101建筑库 109排3列1层/ [索取号:TU204/W820] | 在馆 | |
| 4 | 774651 | 207746518 | 建筑库101/101建筑库 43排2列1层/ [索取号:TU204/W820] | 在馆 | |
| 5 | 774652 | 207746527 | 建筑库101/101建筑库 109排3列1层/ [索取号:TU204/W820] | 在馆 |